000 005450000a22001810004500
003 MACL
005 20160512165634.0
008 160512b xxu||||| |||| 00| 0 eng d
040 _aMACL
_cMACL
041 _aHindi
082 _a891.431 JOS
100 _aजोशी, उमेश
_956543
245 _aअंग्रेजी की प्रणय कवितायें
_cउमेश जोशी
260 _c2002
_aनई दिल्‍ली
350 _a150
650 _aPoatries
_956544
942 _cHIN
_k891.431/JOS/P
_2ddc
999 _c41999
_d41999